<?xml version="1.0" encoding="utf-8"?>
<?xml-stylesheet type='text/xsl' href='./oai2.xsl'?>
<OAI-PMH xmlns="http://www.openarchives.org/OAI/2.0/" xmlns:xsi="http://www.w3.org/2001/XMLSchema-instance" xsi:schemaLocation="http://www.openarchives.org/OAI/2.0/ http://www.openarchives.org/OAI/2.0/OAI-PMH.xsd">
  <responseDate>2026-06-07T04:42:59Z</responseDate>
  <request verb="GetRecord" metadataPrefix="marcxml" identifier="record_kuniweb_400922">https://kulturerbe.niedersachsen.de/oai</request>
  <GetRecord>
    <record>
      <header>
        <identifier>record_kuniweb_400922</identifier>
        <datestamp>2025-08-28T09:38:22Z</datestamp>
        <setSpec>slg0183</setSpec>
      </header>
      <metadata>
        <marc:record xmlns:marc="http://www.loc.gov/MARC21/slim" xsi:schemaLocation="http://www.loc.gov/MARC21/slim http://www.loc.gov/standards/marcxml/schema/MARC21slim.xsd">
          <marc:leader>12345nkm  22     uu 4500</marc:leader>
          <marc:controlfield tag="001">400922</marc:controlfield>
          <marc:controlfield tag="003">http://kuniweb.gbv.de</marc:controlfield>
          <marc:controlfield tag="005">2020-10-22T14:01:06</marc:controlfield>
          <marc:controlfield tag="008">|           ||||||||||||||||||||||</marc:controlfield>
          <marc:datafield tag="245" ind1="1" ind2="0">
            <marc:subfield code="a">Campagna bei Rom</marc:subfield>
          </marc:datafield>
          <marc:datafield tag="720" ind1=" " ind2=" ">
            <marc:subfield code="a">Gustav Closs</marc:subfield>
          </marc:datafield>
          <marc:datafield tag="655" ind1=" " ind2="7">
            <marc:subfield code="a">Malerei</marc:subfield>
          </marc:datafield>
          <marc:datafield tag="046" ind1=" " ind2=" ">
            <marc:subfield code="k">1866</marc:subfield>
            <marc:subfield code="k">1866 (Signatur)</marc:subfield>
          </marc:datafield>
          <marc:datafield tag="260" ind1=" " ind2=" ">
            <marc:subfield code="g">1866</marc:subfield>
            <marc:subfield code="g">1866 (Signatur)</marc:subfield>
          </marc:datafield>
          <marc:datafield tag="300" ind1=" " ind2=" ">
            <marc:subfield code="a">Höhe: 108 cm (Rahmen)
Breite: 153,3 cm (Rahmen)
Höhe: 75 cm
Breite: 121 cm
Tiefe: 2,3 cm
Tiefe: 11 cm (Rahmen)</marc:subfield>
          </marc:datafield>
          <marc:datafield tag="520" ind1=" " ind2=" ">
            <marc:subfield code="a">Campagna bei Rom: Im Vordergrund sind Büsche gemalt, am rechten Bildrand zwei große Pinien, unter denen ein Hirte mit seinen Schafen lagert. Der Blick geht weit in die Campagna.  (Städtisches Museum Braunschweig)

Aufschrift:
"Gust. Closs. 1866" (Signatur unten rechts)

Aufschrift:
Rückseite u. re.: Klebezettel mit Museumsstempel, "Nr. 42 / Closs", auf Keilrahmen Klebezettel: "Nr. 42 / G. Closs / Campagna"

Beschrieben in:
Verz. 20. BrKA 1868, S: 8, Nr. 58; Verz. 27. BrKA 1882, Nachtrag S. 5, Nr. 608

Veröffentlicht in:
R. F. A. Henneberg und Mollowitz, S., „Sehnsucht Italien - Die Künstlerreisen von Rudolf Henneberg“. Schnell &amp; Steiner, Regensburg, 2017. (S. 89, Nr. 47.)

Veröffentlicht in:
„Weitblick : Städtisches Museum Braunschweig und Kulturen der Welt : Städtisches Museum Braunschweig, Haus am Löwenwall, Ausstellung 31. Oktober 2017-20. Februar 2018“. Michael Imhof Verlag, Petersberg, 2017. (S. 186 - 187, Abb. S. 77.)

Veröffentlicht in:
J. M. Nauhaus, „Die Gemäldesammlung des Städtischen Museums Braunschweig : vollständiges Bestandsverzeichnis und Verlustdokumentation. Die Gemäldesammlung // Städtisches Museum Braunschweig“. Olms, Hildesheim [u.a.], 2009. (S. 99, Kat.-Nr. 211.)

Beschrieben in:
J. M. Nauhaus, „Von Kaisern, Zigeunern und 'Lütticher Mädchen' - Die frühen Erwerbungen des Braunschweiger Kunstvereins : Eine Ausstellung im Städtischen Museum Braunschweig“, Braunschweigische Heimat, Bd. 92, Nr. 1. Braunschweigischer Landesverein für Heimatschutz, Braunschweig, S. 28-29, 2006. (S. 28, Kat.-Nr. 5, S. 29 (Farb-Abb.), S. 94 f., S. 100, S. 123.)</marc:subfield>
          </marc:datafield>
          <marc:datafield tag="650" ind1="1" ind2=" ">
            <marc:subfield code="a">Gemälde</marc:subfield>
          </marc:datafield>
          <marc:datafield tag="650" ind1="1" ind2=" ">
            <marc:subfield code="a">Landschaft</marc:subfield>
          </marc:datafield>
          <marc:datafield tag="650" ind1="1" ind2=" ">
            <marc:subfield code="a">Malerei</marc:subfield>
          </marc:datafield>
          <marc:datafield tag="650" ind1="1" ind2=" ">
            <marc:subfield code="a">Malerei &gt; Gemälde</marc:subfield>
          </marc:datafield>
          <marc:datafield tag="650" ind1="1" ind2=" ">
            <marc:subfield code="a">Malerei</marc:subfield>
          </marc:datafield>
          <marc:datafield tag="650" ind1="1" ind2=" ">
            <marc:subfield code="a">Campagna di Roma (Latium)</marc:subfield>
          </marc:datafield>
          <marc:datafield tag="773" ind1="0" ind2=" ">
            <marc:subfield code="t">Sammlung Malerei</marc:subfield>
          </marc:datafield>
          <marc:datafield tag="852" ind1=" " ind2=" ">
            <marc:subfield code="a">Städtisches Museum Braunschweig</marc:subfield>
          </marc:datafield>
          <marc:datafield tag="" ind1=" " ind2=" ">
            <marc:subfield code="a">Namensnennung - Nicht kommerziell - Keine Bearbeitungen 4.0 International (CC BY-NC-ND 4.0)</marc:subfield>
          </marc:datafield>
        </marc:record>
      </metadata>
    </record>
  </GetRecord>
</OAI-PMH>
